Statistics for North American geography quiz #1

Click here to take the quiz!

General Stats

  • This quiz has been taken 27 times
  • The average score is 8 of 12

Answer Stats

ClueAnswer% Correct
The largest island in the Caribeancuba
96%
The capital of Alaskajuneau
83%
capital of Californiasacramento
83%
abreviation of vermontvt
83%
Canadas new Scotland provincenova scotia
75%
the straight between Russia and Alaskabering
71%
Canadas biggest provincequebec
67%
a american occupied spot in Cubaguantanamo bay
63%
smallest country in north americast kitts and nevis
46%
a small chain of islands connected to Floridakey west
42%
there are no rats in this provincebc
29%
This place is known as mexicos drug statesinaloa
17%

Score Distribution

Percentile by Number Answered

Percent of People with Each Score

Your Score History

You have not taken this quiz